<?xml version="1.0" encoding="UTF-8"?>
<record
    xmlns:xsi="http://www.w3.org/2001/XMLSchema-instance"
    xsi:schemaLocation="http://www.loc.gov/MARC21/slim http://www.loc.gov/standards/marcxml/schema/MARC21slim.xsd"
    xmlns="http://www.loc.gov/MARC21/slim">

  <leader>01344nam a2200361 a 4500</leader>
  <controlfield tag="005">20240423133011.0</controlfield>
  <controlfield tag="008">100706s2013||||ag a   f |||| 00| 0 spa d</controlfield>
  <datafield tag="020" ind1=" " ind2=" ">
    <subfield code="a">9789871259748</subfield>
  </datafield>
  <datafield tag="041" ind1=" " ind2=" ">
    <subfield code="a">spa</subfield>
  </datafield>
  <datafield tag="092" ind1=" " ind2=" ">
    <subfield code="c">618.92</subfield>
    <subfield code="l">31</subfield>
    <subfield code="s">GUI</subfield>
  </datafield>
  <datafield tag="245" ind1=" " ind2=" ">
    <subfield code="a">Gu&#xED;a para el seguimiento del ni&#xF1;o sano /  </subfield>
    <subfield code="c">Miguel K&#xF6;rte</subfield>
  </datafield>
  <datafield tag="250" ind1=" " ind2=" ">
    <subfield code="a">2a ed.</subfield>
  </datafield>
  <datafield tag="260" ind1="3" ind2=" ">
    <subfield code="a">Buenos Aires: </subfield>
    <subfield code="b">Journal;</subfield>
    <subfield code="c">2013.</subfield>
  </datafield>
  <datafield tag="300" ind1=" " ind2=" ">
    <subfield code="a">347 p. </subfield>
  </datafield>
  <datafield tag="500" ind1=" " ind2=" ">
    <subfield code="a">K&#xF6;rte, M. et al. (2013). Gu&#xED;a para el seguimiento del ni&#xF1;o sano. (2a ed.). Buenos Aires : Journal.</subfield>
  </datafield>
  <datafield tag="653" ind1=" " ind2=" ">
    <subfield code="a">Desarrollo del globo ocular y los anexos</subfield>
  </datafield>
  <datafield tag="653" ind1=" " ind2=" ">
    <subfield code="a">Anejos oculares, superficie ocular, c&#xF3;rnea y esclera</subfield>
  </datafield>
  <datafield tag="653" ind1=" " ind2=" ">
    <subfield code="a">Ametrop&#xED;as, cristalino y cirug&#xED;a refractiva</subfield>
  </datafield>
  <datafield tag="653" ind1=" " ind2=" ">
    <subfield code="a">Vitreorretina y &#xFA;vez. Patolog&#xED;a cascular retiniana</subfield>
  </datafield>
  <datafield tag="653" ind1=" " ind2=" ">
    <subfield code="a">Glaucoma</subfield>
  </datafield>
  <datafield tag="653" ind1=" " ind2=" ">
    <subfield code="a">Nervio &#xF3;ptico, v&#xED;a &#xF3;ptica</subfield>
  </datafield>
  <datafield tag="653" ind1=" " ind2=" ">
    <subfield code="a">Patolog&#xED;a oculomotora y oftalmolog&#xED;a pedi&#xE1;trica</subfield>
  </datafield>
  <datafield tag="653" ind1=" " ind2=" ">
    <subfield code="a">Patolog&#xED;a de la &#xF3;rbita y traumatolog&#xED;a ocular</subfield>
  </datafield>
  <datafield tag="653" ind1=" " ind2=" ">
    <subfield code="a">M&#xE9;todos de exploraci&#xF3;n en oftalmolog&#xED;a</subfield>
  </datafield>
  <datafield tag="653" ind1=" " ind2=" ">
    <subfield code="a">Urgencias en oftalmolog&#xED;a</subfield>
  </datafield>
  <datafield tag="700" ind1="1" ind2=" ">
    <subfield code="a">K&#xF6;rte, Miguel</subfield>
    <subfield code="9">2154</subfield>
  </datafield>
  <datafield tag="700" ind1="1" ind2=" ">
    <subfield code="a">Villafa&#xF1;e Molina, Solana</subfield>
    <subfield code="9">2155</subfield>
  </datafield>
  <datafield tag="700" ind1="1" ind2=" ">
    <subfield code="a">Granillo, Miguel</subfield>
    <subfield code="9">2156</subfield>
  </datafield>
  <datafield tag="700" ind1="1" ind2=" ">
    <subfield code="a">Olivera, Alejandro D.</subfield>
    <subfield code="9">2157</subfield>
  </datafield>
  <datafield tag="700" ind1="1" ind2=" ">
    <subfield code="a">Dumandzic Sanz, Lenka</subfield>
    <subfield code="9">2158</subfield>
  </datafield>
  <datafield tag="700" ind1="1" ind2=" ">
    <subfield code="a">Colombo, Silvia I.</subfield>
    <subfield code="9">2159</subfield>
  </datafield>
  <datafield tag="942" ind1=" " ind2=" ">
    <subfield code="2">ddc</subfield>
    <subfield code="c">BK</subfield>
  </datafield>
  <datafield tag="999" ind1=" " ind2=" ">
    <subfield code="c">1372</subfield>
    <subfield code="d">1372</subfield>
  </datafield>
  <datafield tag="952" ind1=" " ind2=" ">
    <subfield code="0">0</subfield>
    <subfield code="1">0</subfield>
    <subfield code="2">ddc</subfield>
    <subfield code="4">0</subfield>
    <subfield code="7">0</subfield>
    <subfield code="8">REF</subfield>
    <subfield code="a">BFM</subfield>
    <subfield code="b">BFM</subfield>
    <subfield code="c">REF</subfield>
    <subfield code="d">2013-05-08</subfield>
    <subfield code="g">110.00</subfield>
    <subfield code="l">1</subfield>
    <subfield code="o">618.92 31 GUI</subfield>
    <subfield code="p">2845</subfield>
    <subfield code="r">2024-04-03</subfield>
    <subfield code="s">2024-03-27</subfield>
    <subfield code="t">ej.1</subfield>
    <subfield code="w">2013-05-08</subfield>
    <subfield code="y">REF</subfield>
    <subfield code="z">LIBRO DE CONSULTA. COMPRA PROMED 2DO A&#xD1;O. Mayo 2013</subfield>
  </datafield>
  <datafield tag="952" ind1=" " ind2=" ">
    <subfield code="0">0</subfield>
    <subfield code="1">0</subfield>
    <subfield code="2">ddc</subfield>
    <subfield code="4">0</subfield>
    <subfield code="7">0</subfield>
    <subfield code="a">BFM</subfield>
    <subfield code="b">BFM</subfield>
    <subfield code="c">CR</subfield>
    <subfield code="d">2013-05-08</subfield>
    <subfield code="g">110.00</subfield>
    <subfield code="l">25</subfield>
    <subfield code="m">6</subfield>
    <subfield code="o">618.92 31 GUI</subfield>
    <subfield code="p">2846</subfield>
    <subfield code="r">2026-04-16</subfield>
    <subfield code="s">2026-04-09</subfield>
    <subfield code="t">ej.2</subfield>
    <subfield code="w">2013-05-08</subfield>
    <subfield code="y">BK</subfield>
    <subfield code="z">COMPRA PROMED 2DO A&#xD1;O. Mayo 2013</subfield>
  </datafield>
  <datafield tag="952" ind1=" " ind2=" ">
    <subfield code="0">0</subfield>
    <subfield code="1">0</subfield>
    <subfield code="2">ddc</subfield>
    <subfield code="4">0</subfield>
    <subfield code="7">0</subfield>
    <subfield code="a">BFM</subfield>
    <subfield code="b">BFM</subfield>
    <subfield code="c">CR</subfield>
    <subfield code="d">2013-05-08</subfield>
    <subfield code="g">110.00</subfield>
    <subfield code="l">15</subfield>
    <subfield code="m">1</subfield>
    <subfield code="o">618.92 31 GUI</subfield>
    <subfield code="p">2847</subfield>
    <subfield code="r">2025-03-13</subfield>
    <subfield code="s">2025-03-06</subfield>
    <subfield code="t">ej.3</subfield>
    <subfield code="w">2013-05-08</subfield>
    <subfield code="y">BK</subfield>
    <subfield code="z">COMPRA PROMED 2DO A&#xD1;O. Mayo 2013</subfield>
  </datafield>
  <datafield tag="952" ind1=" " ind2=" ">
    <subfield code="0">0</subfield>
    <subfield code="1">0</subfield>
    <subfield code="2">ddc</subfield>
    <subfield code="4">0</subfield>
    <subfield code="7">0</subfield>
    <subfield code="a">BFM</subfield>
    <subfield code="b">BFM</subfield>
    <subfield code="c">CR</subfield>
    <subfield code="d">2023-04-11</subfield>
    <subfield code="e">Donaci&#xF3;n Dra. Ocampo, Patricia. Abril 2023.</subfield>
    <subfield code="l">1</subfield>
    <subfield code="o">618.92 31 GUI</subfield>
    <subfield code="p">4838</subfield>
    <subfield code="r">2024-04-03</subfield>
    <subfield code="s">2024-03-26</subfield>
    <subfield code="t">Ej. 4</subfield>
    <subfield code="w">2023-04-11</subfield>
    <subfield code="y">BK</subfield>
    <subfield code="z">Donaci&#xF3;n Dra. Ocampo, Patricia. Abril 2023.</subfield>
    <subfield code="f"></subfield>
  </datafield>
</record>
